1884 1985 1112 1235 1565 1248 1657 1504 1219 1525 1681 1288 1647 1020 1182 1981 1348 1159 1843 1997 1706 1156 1375 1253 1125 1933 1090 1044 1349 1891 1854 1598 1837 1663 1151 1087 1904 1219 1905 1874 1250 1837 1027 1076 1946 1909 1840 1001 1263 1356 1323 1271 1688 1506 1962 1623 1186 1552 1340 1591 1596 1085 1006 1112 1752 1685 1913 1301 1445 1193 1186 1619 1275 1586 1801 1902 1677 1833 1074 1953 1413 1901 1593 1925 1009 1445 1935 1568 1236 1826 1331 1433 1715 1691 1210 1615 1281 1948 1719 BCNSPRNW ULIB Ver.6.0+V

เปลี่ยนเป็นภาษาไทย

Change to English
 แสดงรายละเอียดบรรณานุกรม
  กลับหน้าหลัก

Brief Record : Get Marc (ISO 2709) : E-mail record : QR code < ปิดหน้าต่าง
LEADER : 00000nam 2200000uu 4500
001    13399112525
003     ULIB
008    110822s2543||||th 000 0 tha d
020    9746637002(ล.9)
060  4 QV55^bน148ย ล.9 2543
100 0  นงลักษณ์ สุขวาณิชย์ศิลป์
245 00 ยาใหม่ในประเทศไทย 9/^cนงลักษณ์ สุขวาณิชย์ศิลป์,บรรณาธิการ
246 30 ยาใหม่ในประเทศไทย 9
260    กรุงเทพฯ :^bคลังข้อมูลยา คณะเภสัชศาสตร์ มหาวิทยาลัยมหิดล,^c2543
300    277 หน้า
650  7 ยา
650  7 เภสัชวิทยา
650  7 การใช้ยา^xคู่มือ
710 2  มหาวิทยาลัยมหิดล. ^bคณะเภสัชศาสตร์. ^bคลังข้อมูลยา
945    ^p280^l0^i7871
945    ^p280^l0^i8237
995    กัณชพร
999    ^aใช้งานได้ทุกระบบ
รายการนี้ยังไม่มีแท็ก
คุณยังไม่ได้ล็อกอิน คุณสามารถมีกิจกรรมร่วมกับเว็บไซต์ได้ แต่ต้องล็อกอินก่อน ::
  ล็อกอิน

รายการสื่อสารสนเทศ

ลำดับที่ ประเภท เลขเรียก/บาร์โค้ด สถานที่ สถานะ
- ไม่พบข้อมูล -

รายการใกล้เคียง
    หัวเรื่อง [ยา]
    หัวเรื่อง [เภสัชวิทยา]

BibComment


ยังไม่เคยถูกคอมเมนท์

คอมเมนท์ทรัพยากรรายการนี้
  คอมเมนท์: ยาใหม่ในประเทศไทย..


 Copyright 2026. Bcnsprnw @Library